• 首页
  • 本馆介绍
  • 公告通知
  • 最新文献
  • 馆藏检索
  • 电子资源
  • 读者导购
  • 参考咨询
  • 我的图书馆
  • 登录
  • 详细信息显示
  • 放入我的书架
  • 预约/预借图书
  • 作者相关作品
  • 分类相关作品
  • 丛书相关作品
  • 出版社相关作品

书目信息

  • 表格格式
  • 工作单格式
  • 卡片格式
题名:
教育学与教学法基础知识
    
 
作者: ;教师招聘考试命题研究中心 编
分册:  
出版信息: 上海   复旦大学出版社  2018
页数: 242页
开本: 28cm
丛书名:
单 册:
中图分类: G40 , G424
科图分类:
主题词: 教育学--资格考试--教材 , 教学法--资格考试--教材
电子资源:
ISBN: 978-7-309-12175-9
000 00988nam0 2200265 45
001 012001004187
005 20130128104601.0
010    @a978-7-309-12175-9@dCNY52.00
100    @a20181129d2016 em y0chiy50 ea
101 0  @achi
102    @aCN@b310000
105    @ay z 000yy
106    @ar
200 1  @a教育学与教学法基础知识@9jiao yu xue yu jiao xue fa ji chu zhi shi@f教师招聘考试命题研究中心编
210    @a上海@c复旦大学出版社@d2018
215    @a242页@d28cm
300    @a2016广西壮族自治区中小学教师公开招聘考试专用教材
330    @a本书内容包括:教育的产生与发展、教育学的产生与发展、教育功能概述、教育与社会发展、教育与人的发展、教育目的、学校教育制度及其发展、我国的学校教育制度等。
606 0  @a教育学@x资格考试@j教材
606 0  @a教学法@x资格考试@j教材
690    @aG40@v5
690    @aG424@v5
711 02 @a教师招聘考试命题研究中心@9jiao shi zhao pin kao shi ming ti yan jiu zhong xin@4编
801  0 @aCN@b江苏凤凰@c20191020
905    @b1219603-6@dG40@e997@f4
    
    教育学与教学法基础知识/教师招聘考试命题研究中心编.-上海:复旦大学出版社,2018
    242页;28cm
    2016广西壮族自治区中小学教师公开招聘考试专用教材
    
    ISBN 978-7-309-12175-9:CNY52.00
    本书内容包括:教育的产生与发展、教育学的产生与发展、教育功能概述、教育与社会发展、教育与人的发展、教育目的、学校教育制度及其发展、我国的学校教育制度等。
●
相关链接 在E读中查询图书 在五车中查询图书 在当当中查询图书 在豆瓣中查询图书


正题名:教育学与教学法基础知识     索取号:G40/997         预约/预借

序号 登录号 条形码 馆藏地/架位号 状态 备注
1 1219603   212196032   第一样本阅览室/ [索取号:G40/997] 在馆    
2 1219604   212196041   教育系资料室/ [索取号:G40/997] 在馆    
3 1219605   212196050   教育系资料室/ [索取号:G40/997] 在馆    
4 1219606   212196069   第四借阅区/ [索取号:G40/997] 在馆    
唐山师范学院图书馆 欢迎您!
大连网信软件有限公司© 版权所有